|
|
|
แสดงรายละเอียดบรรณานุกรม |
|
|
Brief Record
: Get Marc (ISO 2709)
: E-mail record
: |
select id from stat_globaluid where statuid='20260518004641_1191'mysqli: Table './ulib62015/stat_globaluid' is marked as crashed and should be repaired
DELETE FROM stat_globaluid WHERE id NOT IN ( SELECT id FROM ( SELECT id FROM stat_globaluid ORDER BY id DESC LIMIT 100 ) foo );mysqli: Table './ulib62015/stat_globaluid' is marked as crashed and should be repaired
insert into stat_globaluid set statuid='20260518004641_1191', dt='1779040001', phpself='/ULIB62015/dublinfull.php', agent='Mozilla/5.0 AppleWebKit/537.36 (KHTML, like Gecko; compatible; ClaudeBot/1.0; +claudebot@anthropic.com)', yea='2026', mon='5', dat='18', ip='216.73.216.45'mysqli: Table './ulib62015/stathist_viewbib_bib_type' is marked as crashed and should be repaired
insert into stathist_viewbib_bib_type set dat='18' , mon='05' , yea='2026' , statuid='20260518004641_1191' , head='28430' , foot='marc' , dt='1779040001'
| LEADER : 01174nam 2200277 a 4500 | |||
| 001 28430 | |||
| 003 ULIB | |||
| 008 030417s2004 caua sb 001 0 eng | |||
| 050 ^a721 | |||
| 060 ^aค582อ | |||
| 082 ^aRM | |||
| 100 ^aโครงการจัดตั้งว.การแพทย์แผนไทยและการแพทย์ทางเลือก | |||
| 245 ^aเอกสารความรู้ผู้ดำเนินการสปาเพื่อสุขภาพ | |||
| 913 ^aImported by ULIBM Administrator | |||
| 945 ^p0^l0^i008142 | |||
| 945 ^p0^l0^i008137 | |||
| 945 ^p0^l0^i008143 | |||
| 945 ^p0^l0^i008140 | |||
| 945 ^p0^l0^i008141 | |||
| 945 ^p0^l0^i008134 | |||
| 945 ^p0^l0^i008139 | |||
| 945 ^p0^l0^i008135 | |||
| 945 ^p0^l0^i008136 | |||
| 945 ^p0^l0^i008138 | |||
| 949 ^aImport form external file by ULIBM system | |||
| คุณยังไม่ได้ล็อกอิน คุณสามารถมีกิจกรรมร่วมกับเว็บไซต์ได้ แต่ต้องล็อกอินก่อน :: |
|
|||||||||
|
||||||||||
| สถานะ | |||||
| 1. | หนังสือ | RM 721 ค582อ 2004 ฉ.1 Barcode: 008134 | บนชั้น ขอยืม | ||
| 2. | หนังสือ | RM 721 ค582อ 2004 ฉ.10 Barcode: 008143 | บนชั้น ขอยืม | ||
| 3. | หนังสือ | RM 721 ค582อ 2004 ฉ.2 Barcode: 008135 | ถูกยืม กำหนดส่งวันที่ จอง | ||
| 4. | หนังสือ | RM 721 ค582อ 2004 ฉ.3 Barcode: 008136 | บนชั้น ขอยืม | ||
| 5. | หนังสือ | RM 721 ค582อ 2004 ฉ.4 Barcode: 008137 | บนชั้น ขอยืม | ||
| 6. | หนังสือ | RM 721 ค582อ 2004 ฉ.5 Barcode: 008138 | บนชั้น ขอยืม | ||
| 7. | หนังสือ | RM 721 ค582อ 2004 ฉ.6 Barcode: 008139 | บนชั้น ขอยืม | ||
| 8. | หนังสือ | RM 721 ค582อ 2004 ฉ.7 Barcode: 008140 | บนชั้น ขอยืม | ||
| 9. | หนังสือ | RM 721 ค582อ 2004 ฉ.8 Barcode: 008141 | บนชั้น ขอยืม | ||
| 10. | หนังสือ | RM 721 ค582อ 2004 ฉ.9 Barcode: 008142 | บนชั้น ขอยืม | ||
| รายการใกล้เคียง ผู้แต่ง [โครงการจัดตั้งว.การแพทย์แผนไทยและการแพทย์ทางเลือก] |
BibComment |
| คอมเมนท์ทรัพยากรรายการนี้ |
|
|